CSS kaskádové styly kompletní průvodce

Salvato in:
Dettagli Bibliografici
Autore principale: Staníček, Petr
Natura: Libro
Lingua:ceco
Pubblicazione: Brno Computer Press 2003
Soggetti:
Tags: Aggiungi Tag
Nessun Tag, puoi essere il primo ad aggiungerne!!

MARC

LEADER 00000nam$a2200000$$$4500
001 0021451
005 20240313132813.2
020 |a 80-7226-872-4 
041 0 |a cze 
044 |a CZ 
245 1 0 |a CSS kaskádové styly  |b kompletní průvodce  |c Petr Staníček 
264 1 |a Brno  |b Computer Press  |c 2003 
300 |a 178 s. 
610 2 0 |a softvér 
610 2 0 |a jazyky programovacie 
610 2 0 |a internet 
610 2 0 |a programovanie 
610 2 0 |a CSS 
610 2 0 |a HTML 
100 1 |a Staníček, Petr